Movies Quiz

Random Movies Quiz

Who's the MAIN star II Quiz Stats

 Plays Quiz not verified by Sporcle

Challenge
Share
Tweet
Embed
Score 0/15 Timer 05:00
0 Plays Today
Movie Star % Correct
The TeminalTom Hanks
98.6%
Night At The MuseumBen Stiller
97.1%
The Sound Of MusicJulie Andrews
88.4%
Ben-HurCharlton Heston
81.2%
Never Been KissedDrew Barrymore
81.2%
Saving MR BanksEmma Thompson
81.2%
HarveyJames Stewart
65.2%
FrozenKristen Bell/Idina Menzel
53.6%
Movie Star % Correct
Swiss Family RobinsonJohn Mills
47.8%
The Parent TrapLindsay Lohan
46.4%
The Court JesterDanny Kaye
29%
Now VoyagerBette Davis
27.5%
The Importance Of Being ErnestRupert Everett/Colin Firth
21.7%
The Harvey GirlsJudy Garland
13%
The Lady VanishesMargret Lockwood
2.9%

You're not logged in!

Compare scores with friends on all Sporcle quizzes.
OR
Log In

You Might Also Like...

Show Comments

Extras

Created May 26, 2015ReportNominate
Tags:star

Top Quizzes Today


Score Distribution

Your Account Isn't Verified!

In order to create a playlist on Sporcle, you need to verify the email address you used during registration. Go to your Sporcle Settings to finish the process.

Report this User

Report this user for behavior that violates our Community Guidelines.

Details: